Disney - Méli-mélo de questions - Statistiques

Statistiques générales
  • Ce quiz a été pris 77 fois
  • Le résultat moyen est 5 sur 16
Statistiques - réponses
Indice Réponse % Correct
Héros dont les travaux font la légende. Hercule
78%
Film mettant en scènes les aventures d'un père pour retrouver son fils. Le monde de Nemo
71%
Petit homme par définition de mauvaise humeur. Grincheux
58%
Antagoniste et maitre du côté obscur de la Force. Dark Vador
55%
Noble russe qui ignore qui elle est réellement. Anastasia
53%
Il collectionne les petites licornes. Vladimir
44%
Jeune guitariste qui se retrouve à enquêter sur un lourd secret de famille. Miguel Rivera
33%
Etre de lumière éperdument amoureux de son étoile. Ray
25%
Maison magique et colorée qui abrite des habitants au dons uniques. Maison Madrigal
22%
Jazzmen dont l'idole est Dorothea Williams. Joe Gardner
20%
Crustacé scintillant gardien d'un magnifique trésor. Tamatoa
20%
Chien qui parle et qui part explore le monde. Doug
13%
Ville qui abrite des éléments de tous les types. Element City
13%
Une loutre devenue sauvage, victime d'un mouton assoiffé de pouvoir. Emmitt Otterton
11%
"Objet" que convoitent tous les personnages dans le deuxième film de la plus célèbre saga sur la piraterie. Le coeur de Davy Jones
11%
Ancien sportif de haut niveau mis à la retraite forcée à cause d'un grave accident. Il se prend d'affection pour un jeune prétentieux. Doc Hudson
7%
Aucun quiz correspondant
Distribution des résultats
% des personnes avec chaque résultat
Percentile par nombre de réponses
Votre historique - résultats
Vous n’avez pas pris ce quiz